Oscuri presagi /
Spremljeno u:
| Daljnji autori: | , , |
|---|---|
| Format: | |
| Jezik: | talijanski |
| Izdano: |
Milano :
Foxvideo Italia,
c1994
|
| Oznake: |
Bez oznaka, Budi prvi tko označuje ovaj zapis!
|
MARC
| LEADER | 00000ngm a22000007i 4500 | ||
|---|---|---|---|
| 001 | IT\ICCU\UBO\3366717 | ||
| 003 | ItRI | ||
| 005 | 20260124182910.0 | ||
| 008 | 080205s1994 it |||||||||||||||k|||||c | ||
| 028 | 4 | 2 | |a 994715 |
| 040 | |b ita | ||
| 041 | 7 | |a ita |2 ISO-639-2 | |
| 130 | 0 | |a Cold heaven <film ; 1992> |3 IT\ICCU\UBO\3366748 | |
| 130 | 0 | |a Oscuri presagi <film ; 1992> |3 IT\ICCU\UBO\3366825 | |
| 245 | 0 | 0 | |a Oscuri presagi / |c un film di Nicolas Roeg ; tratto dal romanzo di Brian Moore. |
| 260 | |a Milano : |b Foxvideo Italia, |c c1994 | ||
| 300 | |a 1 videocassetta (VHS) (95 min.) : |b color. (PAL), son | ||
| 500 | |a Tit. del contenitore | ||
| 500 | |a Film del 1992, prod. USA; interpreti: Theresa Russell ... [et al.]. | ||
| 700 | 1 | |a Moore, Brian |0 IT\ICCU\CFIV\110478 | |
| 700 | 1 | |a Russell, Theresa |0 IT\ICCU\RAVV\092742 | |
| 700 | 1 | |a Roeg, Nicolas |0 IT\ICCU\UBOV\038715 | |
| 790 | 1 | |a Roeg, Nicolas Jack |3 IT\ICCU\UBOV\038716 |z Roeg, Nicolas | |
| 942 | |2 ddc |c VM |n 0 | ||
| 952 | |0 0 |1 0 |4 0 |6 VO_829_000000000000000 |7 0 |9 27759 |a BO |b BO |d 2026-01-24 |i 7791 |l 0 |o VO 829 |p BO7791 |r 2026-01-24 18:29:10 |w 2026-01-24 |x [Sebina 5] [1 videocassetta] |y VM |z 1 videocassetta | ||
| 999 | |c 23530 |d 23530 | ||